I gay (versi '91-92) /

Gespeichert in:
Bibliographische Detailangaben
1. Verfasser: Licci, Giulia (Verfasst von)
Format: Buch
Sprache:Italienisch
Veröffentlicht: Besana \in! Brianza : GR, \1992!
Tags: Tag hinzufügen
Keine Tags, Fügen Sie das erste Tag hinzu!

MARC

LEADER 00000nam a2200000 i 4500
001 IT\ICCU\CFI\0218356
003 ItRI
005 20260115232303.0
008 930505s1992 it |||||| ||||| |||||c
040 |b ita  |c importazione bologna sebina 
041 7 |a ita  |2 ISO-639-2 
100 1 |a Licci, Giulia  |0 IT\ICCU\CFIV\120752  |4 aut 
245 1 2 |a I gay (versi '91-92) /  |c Giulia Licci. 
260 |a Besana \in! Brianza :  |b GR,  |c \1992! 
300 |a 69 p. ;  |c 22 cm. 
942 |2 ddc  |c BK  |n 0 
952 |0 0  |1 0  |4 0  |6 DOC_851_910000000000000_LIC  |7 0  |9 23597  |a BO  |b BO  |d 2026-01-15  |i 11551  |l 0  |o DOC 851.910 LIC  |p BO11551  |r 2026-01-15 23:23:03  |w 2026-01-15  |x [Sebina 5] [1 v.]  |y BK  |z 1 v. 
952 |0 0  |1 0  |4 0  |6 DOC_851_910000000000000_LIC  |7 0  |9 23598  |a BO  |b BO  |d 2026-01-15  |i 6497  |l 0  |o DOC 851.910 LIC  |p BO6497  |r 2026-01-15 23:23:03  |w 2026-01-15  |x [Sebina 5] [1 v.]  |y BK  |z 1 v. 
952 |0 0  |1 0  |4 0  |6 DOC_851_910000000000000_LIC  |7 0  |9 23599  |a BO  |b BO  |d 2026-01-15  |i 4693  |l 0  |o DOC 851.910 LIC  |p BO4693  |r 2026-01-15 23:23:03  |w 2026-01-15  |x [Sebina 5] [1 v.]  |y BK  |z 1 v. 
952 |0 0  |1 0  |4 0  |6 DOC_851_910000000000000_LIC  |7 0  |9 23600  |a BO  |b BO  |d 2026-01-15  |i 3875  |l 0  |o DOC 851.910 LIC  |p BO3875  |r 2026-01-15 23:23:03  |w 2026-01-15  |x [Sebina 5] [1 v.]  |y BK  |z 1 v. 
952 |0 0  |1 0  |4 0  |6 DOC_851_910000000000000_LIC  |7 0  |9 23601  |a BO  |b BO  |d 2026-01-15  |i 2700  |l 0  |o DOC 851.910 LIC  |p BO2700  |r 2026-01-15 23:23:03  |w 2026-01-15  |x [Sebina 5] [1 v.]  |y BK  |z 1 v. 
952 |0 0  |1 0  |4 0  |6 DOC_851_910000000000000_LIC  |7 0  |9 23602  |a BO  |b BO  |d 2026-01-15  |i 2641  |l 0  |o DOC 851.910 LIC  |p BO2641  |r 2026-01-15 23:23:03  |w 2026-01-15  |x [Sebina 5] [1 v.]  |y BK  |z 1 v. 
952 |0 0  |1 0  |4 0  |6 DOC_851_910000000000000_LIC  |7 0  |9 23603  |a BO  |b BO  |d 2026-01-15  |i 17582  |l 0  |o DOC 851.910 LIC  |p BO17582  |r 2026-01-15 23:23:03  |w 2026-01-15  |x [Sebina 5] [1 v.]  |y BK  |z 1 v. 
999 |c 20100  |d 20100